000 00571nab a2200181 4500
001 244442
003 OSt
005 20240116141031.0
007 tu
008 200917s2020|||||||
040 _aDE-2950
_cDE-2950
245 0 0 _a60.000 Euro im Haushalt eingeplant
_bFinanzen. Wer eine Zweitwohnung in Frankfurt hat, muss eine entsprechende Steuer entrichten/
_csep/mit dpa
264 _c2024
653 _aFrankfurt (Oder)
653 _aZweitwohnungssteuer
773 0 _g35. Jahrgang (2024) Nr. 13 vom 16.01.2024, S. 15, mit Foto
_tMärkische Oderzeitung
942 _2z
_cA
999 _c372933
_d372933